Statistics for literature with colors in the title

Click here to take the quiz!

General Stats

  • This quiz has been taken 53 times
  • The average score is 11 of 15

Answer Stats

titletypewriteryearcolor% Correct
The Color ______novelAlice Walker1982Purple
98%
The Picture of Dorian ____novelOscar Wilde1890Gray
92%
A Clockwork ______novelAnthony Burgess1962Orange
92%
____ CoffeeplayAgatha Christie1930Black
88%
Anne of _____ GablesnovelLucy Maud Montgomery1908Green
88%
The ______ LetternovelNathaniel Hawthorne1850Scarlet
84%
Hills Like _____ ElephantsstoryErnest Hemingway1927White
76%
The ______ WallpaperstoryCharlotte Perkins Gilman1892Yellow
71%
The ____st EyenovelToni Morrison1970Blue
67%
Masque of the ___ DeathstoryEdgar Allan Poe1842Red
63%
The ____finchnovelDonna Tartt2013Gold
61%
___ HarvestnovelDashiell Hammett1929Red
51%
The ___ WheelbarrowpoemWilliam Carlos Williams1923Red
47%
Young Goodman _____storyNathaniel Hawthorne1835Brown
45%
Bone _____memoirbell hooks1996Black
41%

Score Distribution

Percentile by Number Answered

Percent of People with Each Score

Your Score History

You have not taken this quiz